| 000 | 00701nam a2200181Ia 4500 | ||
|---|---|---|---|
| 003 | GCL | ||
| 008 | 140319s9999 xx 000 0 ara d | ||
| 040 |
_aGCL / _cGCL |
||
| 082 | 0 | 4 |
_a327.114 _bن ث |
| 100 | 1 | _aمركز البحوث والدراسات بالدار ا | |
| 245 | 1 | 0 |
_aالثوره والثوره المضادة فى نيكارجوا الابعاد الاقليمية والدولية / _cمركز البحوث والدراسات بالدار ا |
| 700 | 1 | _aنادية محمود مصطفى | |
| 260 |
_a[S.N] : _bمكتبة النهضة المصرية ، _c1988 |
||
| 300 | _a148 | ||
| 490 | _a | ||
| 650 | 0 | 4 | _aالولايات المتحدة الامريكية |
| 942 |
_2ddc _cBK |
||
| 999 |
_c55661 _d55661 |
||